MARC

LEADER 00000nam0a2200000 4500
001 56999
005 20231031054022.0
010 |a 585428121X 
035 |a (RuTPU)RU\TPU\book\59963 
090 |a 56999 
100 |a 20031020d2003 m y0rusy50 ca 
101 0 |a rus 
102 |a RU 
105 |a a j 000zy 
200 1 |a Бухгалтерский учет  |e учебник  |f А. С. Бакаев, П. С. Безруких, Н. Д. Врублевский и др.  |g Под ред. П. С. Безруких 
205 |a 4-е изд., перераб. и доп. 
210 |a Москва  |c Бухгалтерский учет  |d 2003 
215 |a 719 с.  |c ил. 
225 1 |a Библиотека журнала "Бухгалтерский учет" 
333 |a Исключено из фонда НТБ ТПУ 
701 1 |a Бакаев  |b А. С.  |g Александр Сергеевич 
701 1 |a Безруких  |b П. С.  |g Петр Степанович 
701 1 |a Врублевский  |b Н. Д.  |g Николай Дмитриевич 
701 1 |a Ивашкевич  |b В. Б.  |g Виталий Борисович 
701 1 |a Новодворский  |b В. Д.  |g Владимир Дмитриевич 
702 1 |a Безруких  |b П. С.  |g Петр Степанович  |4 340 
801 1 |a RU  |b 63413507  |c 20031020  |g PSBO 
801 2 |a RU  |b 63413507  |c 20210224  |g PSBO 
942 |c BK